000 00599nam a22002177a 4500
001 62434
003 UA-OsUOA
005 20211019204118.0
007 ta
008 20090826b un ||||| |||| 00| 0 ukr d
040 _aUA-OsUOA
_brus
_cUA-OsUOA
_dUA-OsUOA
041 _arus
080 _a94(47+57)
090 _a94(47+57)
_bИ39
245 _aИзучение отечественной истории в СССР между ХХV и XXVI съездами КПСС
260 _aМ.
_bНаука
_c1982
300 _a599 с.
650 7 _a94 Історія
_2UDC
942 _cBK
_2udc
955 _a2
999 _c348518
_d348518